Schaum's outline of theory and problems of numerical analysis /

保存先:
書誌詳細
第一著者: Scheid, Francis J.
フォーマット: 図書
言語:English
出版事項: New York : McGraw-Hill, 1989.
版:2nd. ed.
主題:
タグ: タグ追加
タグなし, このレコードへの初めてのタグを付けませんか!
Thư viện lưu trữ: Mạng thư viện Đại học Đà Nẵng
LEADER 00894cam a2200337 i 4500
001 000046039
003 5306
005 20030214145737.0
008 010220|1989 vm 000 eng
020 |a 0070552215 (pbk.) 
040 |a IRC  |c IRC  |d IRC 
041 0 |a eng 
082 1 4 |a 519.4  |b SC-F 
100 1 |a Scheid, Francis J. 
245 0 0 |a Schaum's outline of theory and problems of numerical analysis /  |c Francis J. Scheid. 
250 |a 2nd. ed. 
260 |a New York :  |b McGraw-Hill,  |c 1989. 
300 |a 471p. :  |b ill. 
630 0 4 |a Mathematics. 
630 0 4 |a Numerical analysis. 
650 0 4 |a Numerical analysis  |x Problems, exercises, etc. 
OWN |a DUT 
999 |a From the UDN01 
TYP |a Monograph 
TYP |a Printed language 
980 |a Mạng thư viện Đại học Đà Nẵng